Statistics for F1 Grand prix starts 2023 grid

Click here to take the quiz!

General Stats

  • This quiz has been taken 12 times
    (6 since last reset)
  • The average score is 6 of 22

Answer Stats

HintAnswer% Correct
Sargeant22
83%
Piastri22
83%
De Vries11
67%
Lawson5
67%
Russell104
33%
Norris104
33%
Hamilton332
33%
Leclerc123
17%
Gasly130
17%
Ocon133
17%
Stroll143
17%
Magnussen163
17%
Sainz183
17%
Verstappen185
17%
Hulkenberg203
17%
Bottas222
17%
Ricciardo239
17%
Perez257
17%
Zhou44
17%
Tsunoda63
17%
Albon81
17%
Alonso378
0%

Score Distribution

Percentile by Number Answered

Percent of People with Each Score

Your Score History

You have not taken this quiz since the last reset